| 000 | 00457nam a22001577a 4500 | ||
|---|---|---|---|
| 082 |
_a930.1 _bFAG _cN-01, P-145 |
||
| 100 |
_aFagan, Brian M _946226 |
||
| 245 |
_aAn introduction to archaeology _cBrain M. Fogan |
||
| 250 | _a7th | ||
| 260 |
_aIslamabad, Pakistan _bNational Book Foundation |
||
| 300 | _axxiii, 598 p. | ||
| 526 |
_a0 _b0 _c0 _d930_100000000000000_FAG |
||
| 526 |
_a0 _b0 _c0 _d930_100000000000000_FAG |
||
| 650 |
_aMCE _9379 |
||
| 942 |
_2ddc _cBK |
||
| 999 |
_c549581 _d549581 |
||